<?xml version="1.0" encoding="UTF-8"?>
<record
    xmlns:xsi="http://www.w3.org/2001/XMLSchema-instance"
    xsi:schemaLocation="http://www.loc.gov/MARC21/slim http://www.loc.gov/standards/marcxml/schema/MARC21slim.xsd"
    xmlns="http://www.loc.gov/MARC21/slim">

  <leader>02965nam a2200241 a 4500</leader>
  <controlfield tag="001">000045746</controlfield>
  <controlfield tag="005">20201002052424.0</controlfield>
  <controlfield tag="008">150511s2012    pr ac         000 0 spa d</controlfield>
  <datafield tag="020" ind1=" " ind2=" ">
    <subfield code="a">9781617900761</subfield>
  </datafield>
  <datafield tag="040" ind1=" " ind2=" ">
    <subfield code="a">DO-SdBNP</subfield>
    <subfield code="b">spa</subfield>
    <subfield code="c">BNPHU</subfield>
  </datafield>
  <datafield tag="082" ind1=" " ind2=" ">
    <subfield code="a">xxxx</subfield>
    <subfield code="b">xxxx</subfield>
  </datafield>
  <datafield tag="245" ind1="0" ind2="0">
    <subfield code="a">Arturo Morales Carri&#xF3;n :</subfield>
    <subfield code="b">Dimenciones del gran diplom&#xE1;tico puertorrique&#xF1;o /</subfield>
    <subfield code="c">H&#xE9;ctor Luis Acevedo, editor ; Jos&#xE9; Luis Col&#xF3;n Gonz&#xE1;lez, N&#xE9;stor R. Duprey Salgado, editores asociados.</subfield>
  </datafield>
  <datafield tag="260" ind1=" " ind2=" ">
    <subfield code="a">San Juan, Puerto Rico :</subfield>
    <subfield code="b">Universidad Interamericana de Puerto Rico,</subfield>
    <subfield code="c">2012.</subfield>
  </datafield>
  <datafield tag="300" ind1=" " ind2=" ">
    <subfield code="a">1060 p. :</subfield>
    <subfield code="b">il., retrs., facsimiles ;</subfield>
    <subfield code="c">26 cm.</subfield>
  </datafield>
  <datafield tag="490" ind1="1" ind2=" ">
    <subfield code="a">Ra&#xED;ces de nuestra &#xE9;pica</subfield>
  </datafield>
  <datafield tag="500" ind1=" " ind2=" ">
    <subfield code="a">Incluye &#xED;ndice onom&#xE1;stico</subfield>
  </datafield>
  <datafield tag="504" ind1=" " ind2=" ">
    <subfield code="a">Incluye referencias bibliogr&#xE1;ficas y notas al pie de las p&#xE1;ginas.</subfield>
  </datafield>
  <datafield tag="505" ind1="0" ind2=" ">
    <subfield code="a">Mensajes y saludos / Manuel J. Fern&#xF3;s, Marilina L. Wayland, Rafael Hern&#xE1;ndez Col&#xF3;n, H&#xE9;ctor Luis Acevedo -- "Don Arturo Morales Carri&#xF3;n y su viaje de historiador al gran diplom&#xE1;tico puertorrique&#xF1;o" / H&#xE9;ctor Luis Acevedo -- Conversaciones con Dr. Arturo Morales Carri&#xF3;n / Eladio Rivera Qui&#xF1;ones -- Entrevista a do&#xF1;a In&#xE9;s Arandes, Vda. de Morales Carri&#xF3;n -- Conversations between Dr. Arturo Morales Carri&#xF3;n and his eldest son / Arturo Morales Arandes -- Otros hombres, otros tiempos / Edgardo Morales Arandes -- Carta al editor / In&#xE9;s Morales Arandes -- Arturo Morales Carri&#xF3;n : the inquiring mind / Jos&#xE9; Tr&#xED;as Monge -- Entrevista a don Ricardo Alegr&#xED;a -- Reminiscencias : experiencias compartidas con Arturo Morales Carri&#xF3;n / Ismael Rodr&#xED;guez Bou -- Homenaje p&#xF3;stumo a Arturo Morales Carri&#xF3;n / Salvador T&#xED;o Montes de Oca -- Arturo Morales Carri&#xF3;n, pasi&#xF3;n y devoci&#xF3;n por la historia y por Puerto Rico : la historia fue su pasi&#xF3;n, Puerto Rico su devoci&#xF3;n / Elsa T&#xED;o Fern&#xE1;ndez -- A don Arturo Morales Carri&#xF3;n / Carmelo Rosario Natal -- Palabras que a&#xFA;n vibran / Severo Colberg Ram&#xED;rez -- Arturo Morales Carri&#xF3;n : una vida al servicio de la historia / Luis E. Gonz&#xE1;lez Vales -- Arturo Morales Carri&#xF3;n : brillante investigador, histori&#xF3;grafo, educador y hombre de estado / Aurelio T&#xED;o -- Mare Calusum, Mare Musicum : las m&#xFA;scias afrodiasp&#xF3;ricas y Puerto Rico and the Non-Hispanic Caribbean / Noel Allende-Goit&#xED;a -- La presidencia de Arturo Morales Carri&#xF3;n : 1973-1977 / Luis E. Gonz&#xE1;lez Vales -- De tagarninas y habanos : la historia de mi profesor / Anabelle Rodr&#xED;guez Rodr&#xED;guez -- Arturo Morales Carri&#xF3;n, precursor del tercer sector puertorrique&#xF1;o : la Fundaci&#xF3; Puertorrique&#xF1;a de las Humanidades y el desarrollo de la sociedad civil en Puerto Rico / Rafael a. Torrech San Inocencio -- Ap&#xE9;ndice: El historiador y acad&#xE9;mico -- Visi&#xF3;n de Puerto Rico en la obra de Arturo Morales Carri&#xF3;n / Luis E. Agrait Betancourt.</subfield>
  </datafield>
  <datafield tag="700" ind1="1" ind2="2">
    <subfield code="a">Acevedo, H&#xE9;ctor Luis,</subfield>
    <subfield code="9">73808</subfield>
  </datafield>
  <datafield tag="700" ind1="1" ind2="2">
    <subfield code="a">Duprey Salgado, N&#xE9;stor R.,</subfield>
    <subfield code="e">ed.</subfield>
    <subfield code="9">73809</subfield>
  </datafield>
  <datafield tag="700" ind1="1" ind2="2">
    <subfield code="a">Col&#xF3;n Gonz&#xE1;lez, Jos&#xE9; Luis,</subfield>
    <subfield code="e">ed.</subfield>
    <subfield code="9">73810</subfield>
  </datafield>
  <datafield tag="830" ind1=" " ind2="0">
    <subfield code="a">Ra&#xED;ces de nuestra &#xE9;pica</subfield>
    <subfield code="9">73811</subfield>
  </datafield>
  <datafield tag="952" ind1=" " ind2=" ">
    <subfield code="0">0</subfield>
    <subfield code="1">0</subfield>
    <subfield code="5">0</subfield>
    <subfield code="7">1</subfield>
    <subfield code="8">MO</subfield>
    <subfield code="a">PD</subfield>
    <subfield code="b">PD</subfield>
    <subfield code="c">HD</subfield>
    <subfield code="d">2015-05-11</subfield>
    <subfield code="i">LF1</subfield>
    <subfield code="l">0</subfield>
    <subfield code="o">xxxx xxxx</subfield>
    <subfield code="p">45746-10</subfield>
    <subfield code="r">2020-06-25</subfield>
    <subfield code="w">2020-06-25</subfield>
    <subfield code="y">1</subfield>
    <subfield code="Z">No se presta</subfield>
  </datafield>
  <datafield tag="999" ind1=" " ind2=" ">
    <subfield code="c">45235</subfield>
    <subfield code="d">45235</subfield>
  </datafield>
</record>
